Novedades fiscales 2011

Bibliographic Details
Main Author: Marn̕ Lama, Carlos
Other Authors: Valdivia Martn̕, Antonio
Format: eBook
Language:Spanish
Published: [Barcelona] : Planificacin̤ Jurd̕ica, 2011.
Subjects:
Online Access:Acceso restringido

MARC

LEADER 00000nam a2200000 a 4500
005 20110902103210.0
007 cr |||||||||||
008 110819s2011 spc||||fs|||||0|| 0 spa|c
035 |a 5588 
040 |a vLex 
090 |c 2344  |d 2344 
100 1 |a Marn̕ Lama, Carlos 
245 1 0 |a Novedades fiscales 2011  |h [Recurso electrn̤ico] /  |c Carlos Marn̕ Lama, Antonio Valdivia Martn̕ 
256 |a Servicio en ln̕ea. 
260 |a [Barcelona] :  |b Planificacin̤ Jurd̕ica,  |c 2011. 
300 |a 1 recurso electrn̤ico 
500 |a Descripcin̤ del recurso: 19 de agosto 2011 
506 1 |a Contenido solo disponible en los productos indicados  |d vLex Global  |d vLex Global (Academic Edition, excluding Law Schools)  |d vLex Global (U.S. Academic Edition, Law Schools)  |d vLex Global (U.S. Academic Edition, excluding Law Schools)  |d vLex Global (Academic Edition, Law Schools) 
650 4 |a Derecho fiscal  |z Espaą 
700 1 |a Valdivia Martn̕, Antonio 
740 0 |a vLex Libros (Servicio en ln̕ea) 
856 4 0 |z Acceso restringido  |u http://vlex.com/source/novedades-fiscales-2011-5588 
942 |c BOOK